000 00591nam a2200193Ia 4500
003 GCL
008 140319s9999 xx 000 0 ara d
020 _a6854201977
040 _aGCL /
_cGCL
082 0 4 _a813.01
_bم ح
100 1 _aمحمد الناصر
245 1 0 _aحجاكم الله /
_cمحمد الناصر
260 _aالقاهرة :
_bالهيئة المصرية العامة للكتاب ،
_c2003
300 _a123 ص ؛
_c19 سم
490 _aكتاب الاتحاد
_v0
650 0 4 _aالادب العربى
650 0 4 _aالقصص القصيرة
942 _2ddc
_cBK
999 _c7591
_d7591